Исследование специализированного метода обеспечения температурно-скоростного режима охлаждения радиоэлектронной аппаратуры; Интеллектуальные энергосистемы; Т. 1

Bibliografiske detaljer
Parent link:Интеллектуальные энергосистемы: труды V Международного молодёжного форума, 9-13 октября 2017 г., г. Томск/ Национальный исследовательский Томский политехнический университет (ТПУ), Энергетический институт (ЭНИН).— , 2017
Т. 1.— 2017.— [С. 52-54]
Hovedforfatter: Назаров К. К.
Institution som forfatter: Дагестанский государственный технический университет
Andre forfattere: Кадырова Л. Ф. (научный руководитель), Габитов И. А.
Summary:Заглавие с титульного экрана
Sprog:russisk
Udgivet: 2017
Serier:Теплофизика и теоретическая теплотехника
Fag:
Online adgang:http://earchive.tpu.ru/handle/11683/45132
Format: Electronisk Book Chapter
KOHA link:https://koha.lib.tpu.ru/cgi-bin/koha/opac-detail.pl?biblionumber=625347

MARC

LEADER 00000naa2a2200000 4500
001 625347
005 20231102024138.0
035 |a (RuTPU)RU\TPU\conf\24607 
035 |a RU\TPU\conf\24606 
090 |a 625347 
100 |a 20171212d2017 k y0rusy50 ca 
101 0 |a rus 
102 |a RU 
105 |a y z 101zy 
135 |a drgn ---uucaa 
181 0 |a i  
182 0 |a b 
200 1 |a Исследование специализированного метода обеспечения температурно-скоростного режима охлаждения радиоэлектронной аппаратуры  |f К. К. Назаров, Л. Ф. Кадырова  |g науч. рук. И. А. Габитов 
203 |a Текст  |c электронный 
225 1 |a Теплофизика и теоретическая теплотехника 
230 |a 1 компьютерный файл (pdf; 450 Kb) 
300 |a Заглавие с титульного экрана 
320 |a [Библиогр.: с. 54 (2 назв.)] 
461 1 |0 (RuTPU)RU\TPU\conf\24578  |t Интеллектуальные энергосистемы  |o труды V Международного молодёжного форума, 9-13 октября 2017 г., г. Томск  |o в 3 т.  |f Национальный исследовательский Томский политехнический университет (ТПУ), Энергетический институт (ЭНИН)  |d 2017 
463 1 |0 (RuTPU)RU\TPU\conf\24579  |t Т. 1  |v [С. 52-54]  |d 2017 
610 1 |a электронный ресурс 
610 1 |a охлаждение 
610 1 |a радиоэлектронная аппаратура 
610 1 |a температурно-скоростные режимы 
610 1 |a электроника 
610 1 |a микросхемы 
610 1 |a работоспособность 
610 1 |a надежность 
700 1 |a Назаров  |b К. К. 
701 1 |a Кадырова  |b Л. Ф. 
702 1 |a Габитов  |b И. А.  |4 727 
712 0 2 |a Дагестанский государственный технический университет  |2 stltpush  |3 (RuTPU)RU\TPU\col\5161  |9 24062 
801 2 |a RU  |b 63413507  |c 20171215  |g RCR 
856 4 |u http://earchive.tpu.ru/handle/11683/45132 
942 |c BK